| 000 | 00852 a2200205 4500 | ||
|---|---|---|---|
| 005 | 20080912160442.0 | ||
| 008 | 080912t xxu||||| |||| 00| 0 eng d | ||
| 010 | _aENG-87766 | ||
| 020 |
_c298.00 _a8183184243 |
||
| 035 | _aEN-71299 | ||
| 037 | _bD.B.Act / Pub | ||
| 082 | _a332.6 | ||
| 100 | _aAvadhani, V. A. | ||
| 245 |
_aSecurities analysis and porfolio management _cby V. A. Avadhani |
||
| 260 |
_aMumbai _bHimalaya Publishing House _c2007 (repr) |
||
| 270 |
_a"Ramdoot", Dr. Bhalerao Marg, (Kelewadi), Girgaon _bMumbai _e400 004 _k022-23860170, 022-23863863 _mhimpub@vsnl.com |
||
| 300 |
_a582 p. _c24 cm. (Pbk) |
||
| 942 |
_adpl _cEN _k332.6 / AVA _2ddc _h332.6 _mAVA |
||
| 999 |
_c6915 _d6915 |
||